000 00364 a2200169 4500
001 186596
020 _a85-322-3742-8
040 _cMagnum
100 _aBernardino, Adriana
240 1 0 _aBelerofonte e a quimera
_lpor
245 1 0 _aBelerofonte e a quimera
300 _a23
362 0 _a1997
440 1 _aFTD
697 _aLITERATURA INFANTO
942 _cBK
999 _c186596
_d186596